000 00896nam0a22002531 4500
001 rc\974003
005 20251124122729.0
035 _a(NLR Aleph) 006142822
090 _a5680146
_c5680146
100 _a20041129d1983 u |0rusy50 ca
101 0 _arus
102 _aRU
105 _ay |||||||||
200 1 _aКомандиру о военно-уголовном законодательстве
_f[Подгот. А.Г. Горный, Х.М. Ахметшин, Ф.С. Бражник и др.
_gПод общ. ред. Горного А.Г.
210 _aМ.
_cВоениздат
_d1983
215 _a176 с.
_d20
300 _aАвт. указаны на обороте тит. л.
702 1 _aГорный
_bА. Г.
_gАртем Григорьевич
_4570
801 0 _aRU
_bNLR
_gpsbo
801 1 _aRU
_bELAR
_2rusmarc
852 _aNLR
_j83-3/3098
942 _cBOOK
980 _aNB